Normal view
MARC view
- Ph. D Thesis Management Sciences.
Entry Topical Term
001 - CONTROL NUMBER
- control field: 24872
003 - CONTROL NUMBER IDENTIFIER
- control field: NUST
005 - DATE AND TIME OF LATEST TRANSACTION
- control field: 20191028125410.0
008 - FIXED-LENGTH DATA ELEMENTS
- fixed length control field: 191028|| aca||aabn | a|a d
040 ## - CATALOGING SOURCE
- Original cataloging agency: NUST
- Transcribing agency: NUST
150 ## - HEADING--TOPICAL TERM
- Topical term or geographic name entry element: Ph. D Thesis Management Sciences.
670 ## - SOURCE DATA FOUND
- Source citation: Work cat.: (NUST): Muhammad Suhail Rizwan 24871, An Empirical Investigation on the Wealth Protection Function o fCorporate Social Reponsibility (CSR), 2017.
